Elementos de electrodinámica industrial necesarios para comprender las actuales aplicaciones de la electricidad al alumbrado eléctrico... / (Record no. 163882)

MARC details
000 -LEADER
campo de control de longitud fija 01088nam a22002295i 4500
001 - NÚMERO DE CONTROL
campo de control 163882
003 - IDENTIFICADOR DE NÚMERO DE CONTROL
campo de control ES-MaACL
005 - FECHA Y HORA DE LA ÚLTIMA TRANSACCIÓN
campo de control 20240206170156.0
008 - DATOS DE LONGITUD FIJA--INFORMACIÓN GENERAL
campo de control de longitud fija 950206s1884 sp a 001 0 spa d
100 1# - ENTRADA PRINCIPAL--NOMBRE DE PERSONA
Nombre de persona Rojas y Caballero Infante, Francisco de Paula.
9 (RLIN) 99083
245 10 - MENCIÓN DEL TÍTULO
Título Elementos de electrodinámica industrial necesarios para comprender las actuales aplicaciones de la electricidad al alumbrado eléctrico... /
Mención de responsabilidad, etc. por Francisco de P. Rojas y Caballero Infante.
260 ## - PUBLICACIÓN, DISTRIBUCIÓN, ETC.
Lugar de publicación, distribución, etc. Barcelona :
Nombre del editor, distribuidor, etc. [s.n.],
Fecha de publicación, distribución, etc. 1884 (
Fabricante Est. Tip. de José Miret)
300 ## - DESCRIPCIÓN FÍSICA
Extensión 1 v. (pag. var.) :
Otras características físicas il. ;
Dimensiones 32 cm.
530 ## - NOTA DISPONIBLE DE FORMULARIO FÍSICO ADICIONAL
Nota de formato físico adicional disponible Disponible en formato digital.
597 ## - NOTA DE DESCRIPCIÓN FÍSICA
NOTA DE DESCRIPCIÓN FÍSICA Obra compuesta de 6 cuadernos; cada uno de ellos con paginación propia.
650 #4 - PUNTO DE ACCESO ADICIONAL DE MATERIA--TÉRMINO DE MATERIA
Término de materia o nombre geográfico como elemento de entrada Electrodinámica.
9 (RLIN) 135969
650 #7 - PUNTO DE ACCESO ADICIONAL DE MATERIA--TÉRMINO DE MATERIA
Término de materia o nombre geográfico como elemento de entrada Iluminación eléctrica
Fuente del encabezamiento o término embne
9 (RLIN) 235076
852 4# - LOCALIZACIÓN
Ubicación ES-MaACL
Número de control de estantería B-1473
Nota libre - Enc. ed. en tela
856 4# - LOCALIZACIÓN Y ACCESO ELECTRÓNICOS
Identificador Uniforme de Recursos <a href="http://cataleg.upc.edu/record=b1039596 ">http://cataleg.upc.edu/record=b1039596 </a>
Nota pública Memòria Digital de Catalunya
856 4# - LOCALIZACIÓN Y ACCESO ELECTRÓNICOS
Identificador Uniforme de Recursos <a href="http://hdl.handle.net/2117/118257 ">http://hdl.handle.net/2117/118257 </a>
Nota pública Memòria Digital de Catalunya
Holdings
Estatus retirado Estado de pérdida Estado de daño No para préstamo Colección Biblioteca de origen Biblioteca actual Ubicación en estantería Fecha de adquisición Fuente de adquisición Total de préstamos Signatura topográfica completa Código de barras Visto por última vez Precio de reemplazo Tipo de ítem Koha
        Colección digital Biblioteca del Ateneo de Madrid Biblioteca del Ateneo de Madrid Sala Pardo Bazán 17/01/2008     B-1473 1171752 23/02/2023 23/02/2023 Libro impreso antiguo